=LDR 00000nam 2200000 4500 =001 INLIS000000000007080 =005 20251120104605 =035 ##$$a 0010-1125000954 =007 ta =008 251120###########################0#ind## =082 ##$$a 332.7 =084 ##$$a 332.7 BAN k =245 1#$$a Kebijaksanaan Bank Pelaksanan Untuk Mendukung Kelancaran Penyerapan KPKU : $b - /$c Bank Rakyat Indonesia =260 ##$$a Jakarta :$b Bank Rakyat Indonesia,$c 1998 =300 ##$$a 12 hal : $b - ; $c 21 cm =650 #4$$a Keluarga Berencana =110 #$$a Bank Rakyat Indonesia =856 ##$$a Perpustakaan Kemendukbangga